000
00289cam a2200109ua 4500
082
_a
930
_b
LEN/PO
100
_a
Lenin, V.I .
_9
1782
245
_a
Pourastya Desathe Deseeya Vimochana Prastanam /
260
_a
Thrissur :
_b
Navabharath Publications ,
_c
1963.
300
_a
359 ; .
942
_c
BK
999
_c
4938
_d
4938